| 000 | 01604cam a2200361 a 4500 | ||
|---|---|---|---|
| 999 |
_c232515 _d232515 |
||
| 001 | 15838224 | ||
| 003 | Nust | ||
| 005 | 20170220125448.0 | ||
| 008 | 090727s2010 nyu 000 1 eng | ||
| 010 | _a 2009029452 | ||
| 020 | _a9780007320431 | ||
| 035 | _a(OCoLC)ocn426802886 | ||
| 040 |
_aDLC _cDLC _dBTCTA _dDOV _dUPZ _dJST _dC#P _dVP@ _dYDXCP _dBWX _dDLC |
||
| 043 | _ae-uk-en | ||
| 050 | 0 | 0 |
_aPR6058.I343 _bW65 2010 |
| 082 | 0 | 0 |
_a823.92 _bHIG |
| 100 | 1 |
_aHiggins, Jack, _d1929- |
|
| 245 | 1 | 4 |
_aThe wolf at the door / _cJack Higgins. |
| 260 |
_aNew York : _bG.P. Putnam's Sons, _c2010. |
||
| 300 |
_a324 p. ; _c24 cm. |
||
| 520 | _aWho's knocking off members of a special intelligence unit known as the prime minister's private army? Only Sean Dillon has a clue. | ||
| 650 | 0 |
_aDillon, Sean (Fictitious character) _vFiction. |
|
| 650 | 0 |
_aFerguson, Charles (Fictitious character) _vFiction. |
|
| 650 | 0 |
_aSecret service _vFiction. |
|
| 650 | 0 |
_aAssassins _vFiction. |
|
| 651 | 0 |
_aEngland _vFiction. |
|
| 655 | 7 |
_aSuspense fiction. _2gsafd |
|
| 655 | 7 |
_aSpy stories. _2gsafd |
|
| 856 | 4 | 2 |
_3Contributor biographical information _uhttp://www.loc.gov/catdir/enhancements/fy1008/2009029452-b.html |
| 856 | 4 | 2 |
_3Publisher description _uhttp://www.loc.gov/catdir/enhancements/fy1008/2009029452-d.html |
| 906 |
_a7 _bcbc _corignew _d1 _eecip _f20 _gy-gencatlg |
||
| 942 |
_2ddc _cBK |
||